Locuras : (Record no. 193187)

MARC details
000 -LEADER
campo de control de longitud fija 03191nam a2200385 i 4500
001 - NÚMERO DE CONTROL
campo de control 193187
003 - IDENTIFICADOR DE NÚMERO DE CONTROL
campo de control SpMaBN
005 - FECHA Y HORA DE LA ÚLTIMA TRANSACCIÓN
campo de control 20250804062654.0
007 - CAMPO FIJO DE DESCRIPCIÓN FÍSICA--INFORMACIÓN GENERAL
campo de control de longitud fija ta
008 - DATOS DE LONGITUD FIJA--INFORMACIÓN GENERAL
campo de control de longitud fija 230930s2010 sp | |||| 000 f spa
015 ## - NÚMERO DE BIBLIOGRAFÍA NACIONAL
Número de bibliografía nacional MON10
017 ## - NÚMERO DE COPYRIGHT O DE DEPÓSITO LEGAL
Número de copyright o de depósito legal M 51586-2010
Agencia que asigna Oficina Depósito Legal Madrid
020 ## - NÚMERO INTERNACIONAL ESTÁNDAR DEL LIBRO
Número Internacional Estándar del Libro 9788499460871
035 ## - NÚMERO DE CONTROL DEL SISTEMA
Número de control de sistema (OCoLC)733596842
035 ## - NÚMERO DE CONTROL DEL SISTEMA
Número de control de sistema a4989557
040 ## - FUENTE DE CATALOGACIÓN
Centro catalogador/agencia de origen SpMaBN
Lengua de catalogación spa
Centro/agencia transcriptor SpMaBN
Normas de descripción rdc
Centro/agencia modificador Es-MaACL
080 ## - NÚMERO DE LA CLASIFICACIÓN DECIMAL UNIVERSAL
Número de la Clasificación Decimal Universal 821.134.2-31"19"
100 1# - ENTRADA PRINCIPAL--NOMBRE DE PERSONA
Nombre de persona Benítez, Jesús,
Fechas asociadas al nombre 1957-
Número de control del registro de autoridad o número normalizado XX4581806
Término indicativo de función/relación Autor
9 (RLIN) 234283
245 10 - MENCIÓN DEL TÍTULO
Título Locuras :
Resto del título Óscar el loco y la profecía /
Mención de responsabilidad, etc. Jesús Benítez Benítez
250 ## - MENCION DE EDICION
Mención de edición Primera edición, diciembre 2010
260 ## - PUBLICACIÓN, DISTRIBUCIÓN, ETC.
Lugar de publicación, distribución, etc. Madrid :
Nombre del editor, distribuidor, etc. Edición Personal,
Fecha de publicación, distribución, etc. 2010
300 ## - DESCRIPCIÓN FÍSICA
Extensión 257 páginas ;
Dimensiones 24 cm
336 ## - TIPO DE CONTENIDO
Fuente rdacontent
Término de tipo de contenido Texto
337 ## - TIPO DE MEDIO
Fuente rdamedia
Nombre/término del tipo de medio sin mediación
338 ## - TIPO DE SOPORTE
Fuente rdacarrier
Nombre/término del tipo de soporte volumen
520 ## - RESUMEN, ETC.
Sumario, etc. Delirante historia de Óscar Baizán, un escritor neurótico y obsesivo que, además de, según sus palabras, tener «tendencias místicas», viaja a Asturias (Oviedo) y se establece en el hotel Trip durante un periodo de tiempo, sin consultarlo ni mencionárselo a su editor, huyendo del pánico que le supone crear de nuevo personajes para una nueva obra, y a fin de tomarse un tiempo de «reflexión y rememoración».<br/>La novela nos muestra a un personaje paranoide, temeroso y demencial, que nos cuenta este viaje, que en realidad son varios, y su estancia allí, donde asistimos a sus delirios y aventuras, y cuyo estado de ánimo fluctúa según el día, y las lecturas de literatos universales y escritores conocidos: Desfilan así Salvador Pániker, J.S. Mill, D. Hume, G. Debord, Eduardo Punset, Carlos Castilla del Pino, H. D. Thoreau, Schopenhauer, D.H. Lawrence, Rimbaud, Pessoa, Freud, el Dalai Lama, y un largo etcétera. La trama se complementa con los e-mails que el protagonista le escribe a su editor, donde le cuenta sus experiencias, que son también sus visiones y ensoñaciones. En la obra se construye un personaje y un relato lleno de absurdo, humor donde la realidad y la ficción se mezclan. Es un libro que está lleno de situaciones delirantes, con un estilo humorístico, todo producto de ensoñaciones, visiones, quimeras y fantasías, que en su narración beben de obras como el Quijote, o Amadís de Gaula, entre otras, siendo patente la cultura literaria en las menciones traídas a colación a lo largo de la novela. Una obra que reivindica la imaginación y la cultura de los libros en la sociedad actual, y con la que se realiza una propuesta sobre la humanización de la sociedad, el rechazo del dramatismo de la vida y la esperanza basada en una existencia rodeada de belleza que se tiene que descubrir.
655 #0 - TERMINO DE INDIZACIÓN--GENERO/FORMA
Datos o término principal de género/forma Novelas
9 (RLIN) 234319
852 ## - LOCALIZACIÓN
Ubicación ES-MaACL
itemnumber 200563
Sublocalización o colección R.154593
Número de control de estantería N-9353
Ubicación en estantería Depósito J
Anotaciones manuscritas Dedicatoria autógrafa del autor
Donativo/Legado Donación: Jesús Benítez
Encuadernación Encuadernación rústica
903 ## - NOMBRE PERSONAL DE DONANTE
a Benítez, Jesús,
d 1957-
e Donante
9 234283
942 ## - ELEMENTOS DE ENTRADA SECUNDARIOS (KOHA)
Suprimir en OPAC No
Tipo de ítem Koha Libro impreso
Holdings
Estatus retirado Estado de pérdida Fuente del sistema de clasificación o colocación Estado de daño No para préstamo Colección Biblioteca de origen Biblioteca actual Ubicación en estantería Fecha de adquisición Fuente de adquisición Número de control de estantería Total de préstamos Signatura topográfica completa Código de barras Visto por última vez Tipo de ítem Koha Nota pública
    Clasificación decimal universal     Libros con dedicatorias Biblioteca del Ateneo de Madrid Biblioteca del Ateneo de Madrid Depósito J 30/09/2023 Donación Ateneísta   N-9353 101205858 30/09/2023 Libro impreso Dedicatoria autógrafa del autor